| 000 | 00788 a2200277 4500 | ||
|---|---|---|---|
| 001 | 200128910 | ||
| 003 | TR-AnTOB | ||
| 005 | 20250801143904.0 | ||
| 008 | 161114s2000 tu 001 0 | ||
| 040 |
_aTR-AnTOB _cTR-AnTOB |
||
| 041 | _atur | ||
| 060 | 1 |
_aWR 39 _bS29 2000 |
|
| 096 | _aWR39 S29 2000 | ||
| 100 | 1 |
_aSaylan, Türkan, _d1935-2010 _984217 |
|
| 245 | 1 | 0 |
_aHekimler için deri ve zuhrevi hastalıklar ek kitabı / _cTürkan Saylan. |
| 250 | _a4. bs. | ||
| 264 | 1 |
_aİstanbul: _bNobel, _c2000 |
|
| 300 |
_a200 sayfa; _bresim; _c20 cm. |
||
| 504 | _aIncludes index. | ||
| 650 | 2 |
_aDermatology _987763 |
|
| 650 | 1 | 2 |
_aSexually Transmitted Diseases _987764 |
| 650 | 1 | 2 |
_aSkin Diseases _987762 |
| 655 | 2 |
_aHandbook _9143284 |
|
| 942 |
_cBK _2lcc |
||
| 999 |
_c200128910 _d41563 |
||